| 000 | 00726nam a2200253Ia 4500 | ||
|---|---|---|---|
| 003 | OSt | ||
| 005 | 20220928102012.0 | ||
| 006 | a|||||r|||| 00| 0 | ||
| 007 | ta | ||
| 008 | 220927b |||||||| |||| 00| 0 hin d | ||
| 020 | _cINR 450.00 | ||
| 024 | _a144747 | ||
| 037 |
_b105, 15/03/2021, Radhika Books _cTextual |
||
| 040 |
_aSDCL _cSDCL _bhin |
||
| 041 |
_2hin _ahin |
||
| 082 | _aO152,2N44, Q9 | ||
| 100 |
_aKapoor Kanwal Nayan _9396154 |
||
| 245 | 0 | _aNatak bahurangi | |
| 260 |
_aNew Delhi _bSwaraj Prakashan _c2019 |
||
| 300 |
_a136p. _ccm. |
||
| 650 |
_aHindi _9391598 |
||
| 942 |
_hO152,2N44, Q9 _cTEXL _2CC |
||
| 999 |
_c711859 _d711859 |
||